Χέρι στη φωτιά : μυθιστόρημα

Αποθηκεύτηκε σε:
Λεπτομέρειες βιβλιογραφικής εγγραφής
Κύριος συγγραφέας: Γκιμοσούλης, Κωστής, 1960-
Μορφή: Βιβλίο
Γλώσσα:Greek
Δημοσίευση: Αθήνα : Κέδρος, c1999.
Έκδοση:4η έκδ.
Θέματα:
Ετικέτες: Προσθήκη ετικέτας
Δεν υπάρχουν, Καταχωρήστε ετικέτα πρώτοι!

MARC

LEADER 00000cam a2200000 a 4500
001 1/114085
008 161125s1999####gr | ||| |||| ||gre||
020 |a 9600416001 
040 |a GR-MyUa  |b gre  |c GR-MyUa  |e AACR2 
041 0 |a gre 
082 7 |a 889.3   |2 (23) 
100 1 |a Γκιμοσούλης, Κωστής,   |d 1960- 
245 1 0 |a Χέρι στη φωτιά :   |b μυθιστόρημα /   |c Κωστής Γκιμοσούλης.  
250 |a 4η έκδ.  
260 |a Αθήνα :   |b Κέδρος,   |c c1999.  
300 |a 218 σ. ;   |c 21 εκ.  
500 |a Το Παράρτημα Σύρου διαθέτει την 3η ανατύπωση. 
500 |a Το Παράρτημα Σάμου διαθέτει την 4η ανατύπωση. 
650 0 |a Greek fiction, Modern. 
852 |a INST  |b SAMOS  |e 20170524  |h 889.3 ΓΚΙ  |p 005300044539  |q 005300044539  |t BK  |y 0 
852 |a INST  |b SYROS  |e 20191209  |h 889.3 ΓΚΙ  |p 005500013954  |q 005500013954  |t BK  |y 0 
970 |a Γουβάλα  |b Βάσω  |z 24-11-2016